Very Small U.S. Cities You May Know - Statistics

General Stats
  • This quiz has been taken 51 times
    50 since last reset
  • The average score is 15 of 23
Answer Stats
Hint Extra Hint Answer % Correct
Hometown of President Jimmy Carter. (Pop. 525) Plains, GA
91%
Site of John Brown's raid on a federal armory in 1859. (Pop. 263) Harper’s Ferry, WV
88%
Gateway to a national park that is the only location where aligators and crocodiles coexist in the wild. (Pop. 396) Everglades City, FL
85%
Former hunting camp on the Outer Banks - now a vacation hotspot. (Pop. 742) Duck, NC
79%
Home to a Marine Corps base that houses the FBI Training Academy. (Pop. 591) Quantico, VA
79%
Crash site of United Airlines flight 93 on September 11, 2001. (Pop. 190) Shanksville, PA
79%
All property siezed by emminent domain due to underground coal fire burning since 1962. Remaining residents allowed to remain until death. (Pop. 4) Centralia, PA
76%
Located at the confluence of three states, and near a mountain pass that played a critical role in the westward expansion of the country. (Pop. 313) Cumberland Gap, TN
76%
Home to over 3,000 businesses, but very few residents. (Pop. 256) Industry, CA
76%
Founded by French trappers, it has a local ordinance prohibiting the use of all motor vehicles in the city. (Pop. 613) Mackinac Island, MI
71%
Remote city where nearly all residents live in a single condominium building. (Pop. 253) Whittier, AK
71%
Home of the "World's Largest Ball of Twine" - located near the geographic center of the lower 48 states. (Pop. 462) Cawker City, KS
68%
Located less than 2.5 miles from Russian territory. (Pop. 81) Diomede, AK
65%
Home to an iconic (and liberally advertised) tourist-trap drug store. (Pop. 672) Wall, SD
62%
Island town known as the "Galapogas of the North." Also, a critical hub for fishing and crabbing fleets. (Pop. 439) St. Paul, AK
59%
Home to the “The Happiest Place on Earth.” (Pop. 25) Lake Buena Vista, FL
56%
Location of the bloodiest single-day battle in the Civil War. (Pop. 561) Sharpsburg, MD
56%
Home to a majority of Mormons in the 1840s, before they were violently expelled and trekked west to Utah's Salt Lake Valley. (Pop. 910) Nauvoo, IL
50%
After 95% of the town was destroyed by an EF-5 tornado in 2007, it was rebuilt as an environmentally-friendly city. (Pop. 731) Greensburg, KS
47%
Real town that was the fictional setting of "The Blair Witch Project." (Pop. 145) Burkittsville, MD
44%
Site of a deadly shootout/massacre in 1920 during the "Coal Wars." (Pop. 374) Matewan, WV
44%
Setting of the "Little House on the Prairie" TV show, and real-life home of the Wilders during the time featured in "On the Banks of Plum Creek." (Pop. 733) Walnut Grove, MN
44%
Known as "Trail Town USA," it sits at the convergence of the Appalachian Trail and several other regional hiking trails. (Pop. 790) Damascus, VA
35%
No matching quizzes found
Score Distribution
Percent of People with Each Score
Percentile by Number Answered
Your Score History
You have not taken this quiz since the last reset